000
00258nam a22000857a 4500
008
160708b xxu||||| |||| 00| 0 eng d
100
_9
2415
_a
Sheldon, G.W
245
_a
The Political Philosophy of Thomas Jefferson
260
_a
London
_b
Johns Hopkins Uni.Press
_c
1991
999
_c
2090
_d
2090